Statistics for 世界国旗

Click here to take the quiz!

General Stats

  • This quiz has been taken 1 510 times
  • The average score is 63 of 196

Answer Stats

Answer% Correct
美国
99%
英国
99%
澳大利亚
97%
加拿大
96%
俄罗斯
93%
法国
92%
新西兰
92%
意大利
89%
荷兰
84%
日本
77%
韩国
77%
巴西
75%
爱尔兰
73%
中国
73%
越南
72%
瑞典
71%
芬兰
69%
瑞士
69%
挪威
67%
希腊
66%
以色列
65%
德国
64%
尼泊尔
62%
土耳其
62%
孟加拉国
61%
比利时
61%
丹麦
61%
印度
61%
西班牙
60%
冰岛
60%
阿根廷
59%
不丹
59%
沙特阿拉伯
58%
马来西亚
57%
格鲁吉亚
56%
朝鲜
56%
波兰
55%
塞浦路斯
53%
梵蒂冈城国
52%
南非
51%
新加坡
51%
墨西哥
50%
巴基斯坦
49%
黎巴嫩
49%
牙买加
48%
台湾
48%
阿尔巴尼亚
47%
保加利亚
47%
匈牙利
46%
伊朗
45%
乌拉圭
45%
印度尼西亚
44%
柬埔寨
44%
哈萨克斯坦
43%
科索沃
43%
缅甸
43%
伊拉克
41%
突尼斯
41%
奥地利
41%
埃及
41%
克罗地亚
41%
科特迪瓦
41%
北马其顿
41%
叙利亚
39%
葡萄牙
39%
智利
39%
帕劳
38%
古巴
38%
捷克
38%
泰国
37%
菲律宾
35%
蒙古
35%
阿尔及利亚
35%
卡塔尔
35%
塞尔维亚
35%
巴林
34%
老挝
34%
乌克兰
34%
乌兹别克斯坦
33%
巴拿马
32%
汤加
32%
马耳他
32%
喀麦隆
31%
委内瑞拉
31%
土库曼斯坦
31%
爱沙尼亚
30%
斯洛伐克
30%
利比里亚
29%
阿塞拜疆
29%
肯尼亚
29%
摩洛哥
28%
尼日尔
28%
罗马尼亚
28%
巴布亚新几内亚
27%
斯里兰卡
27%
摩纳哥
27%
卢森堡
27%
白俄罗斯
27%
文莱
26%
安哥拉
25%
马尔代夫
25%
索马里
25%
布基纳法索
24%
斯洛文尼亚
24%
波斯尼亚和黑塞哥维那
24%
巴巴多斯
23%
哥伦比亚
23%
马达加斯加
23%
也门
23%
阿富汗
23%
刚果民主共和国
22%
哥斯达黎加
22%
利比亚
22%
尼日利亚
22%
秘鲁
22%
吉尔吉斯斯坦
21%
科威特
20%
斯威士兰
20%
拉脱维亚
20%
塞舌尔
20%
列支敦士登
19%
约旦
19%
阿曼
19%
毛里塔尼亚
18%
阿拉伯联合酋长国
18%
黑山
18%
东帝汶
18%
加蓬
17%
海地
17%
洪都拉斯
17%
埃塞俄比亚
17%
塔吉克斯坦
17%
立陶宛
16%
亚美尼亚
15%
加纳
14%
厄瓜多尔
14%
萨摩亚
14%
特立尼达和多巴哥
14%
伯利兹
14%
多米尼加共和国
14%
巴拉圭
13%
乍得
13%
科摩罗
13%
莫桑比克
13%
坦桑尼亚
12%
密克罗尼西亚联邦
12%
摩尔多瓦
12%
安道尔
12%
乌干达
12%
南苏丹
12%
马拉维
11%
塞内加尔
11%
安提瓜和巴布达
11%
马绍尔群岛
11%
布隆迪
11%
斐济
11%
博茨瓦纳
11%
赞比亚
10%
萨尔瓦多
10%
纳米比亚
10%
中非共和国
10%
厄立特里亚
10%
苏里南
10%
佛得角
9%
吉布提
9%
危地马拉
9%
津巴布韦
9%
尼加拉瓜
9%
巴哈马
9%
圭亚那
9%
贝宁
9%
刚果共和国
9%
多哥
8%
莱索托
8%
苏丹
8%
马里
8%
圣马力诺
8%
塞拉利昂
8%
卢旺达
8%
圣卢西亚
7%
格林纳达
7%
多米尼克
7%
几内亚
7%
基里巴斯
6%
瑙鲁
6%
圣基茨和尼维斯
6%
圣多美和普林西比
6%
图瓦卢
6%
冈比亚
6%
圣文森特和格林纳丁斯
5%
毛里求斯
5%
所罗门群岛
4%
玻利维亚
4%
赤道几内亚
3%
几内亚比绍
2%
瓦努阿图
2%

Score Distribution

Percentile by Number Answered

Percent of People with Each Score

Your Score History

You have not taken this quiz